| 000 | 00981nam a2200301 i 4500 | ||
|---|---|---|---|
| 003 | EG-GICUC | ||
| 005 | 20260121101734.0 | ||
| 008 | 260118s1965 uk ||||fr|||| 001 0 eng d | ||
| 040 |
_aEG-GiCUC _beng _cEG-GiCUC _dEG-GiCUC _erda |
||
| 041 | _aeng | ||
| 082 | 0 | 4 |
_221 _a341.3 _bPE. R |
| 092 | 0 | 4 | _221 |
| 099 | _aLaw1 11 341.3 PE. R 1965 | ||
| 100 | 1 |
_aPenrose, E. F. _eAuthor. |
|
| 245 | 1 | 4 |
_aThe Revolution In International Relations : _bA Study In The Changing Nature And Balance Of Power / _cE. F. Penrose |
| 264 |
_aLondon : _bFrank Cass & Co. Ltd, _c1965. |
||
| 300 |
_a290 pages ; _c24 cm. |
||
| 336 |
_2rda content _atext |
||
| 337 |
_2rda media _aComputer |
||
| 338 |
_2rda carrier _aOnline Resource |
||
| 500 | _aIncludes index | ||
| 546 | _aText in English | ||
| 650 | 1 | 4 |
_a International Relations _xPublic international law _2qrmak |
| 651 | 1 | _2qrmak | |
| 856 | 4 | 0 | _uhttps://fll.law.cu.edu.eg/fulltext/bks/B11-06927.pdf |
| 905 | _a75 | ||
| 942 |
_2ddc _n0 _cBK _e21 |
||
| 999 |
_c57402 _d57402 |
||